[Event "Regular Quad, S40399"]
[Site "CCLA"]
[Date "2014.11.24"]
[Round "?"]
[White "Miller, Allan A."]
[Black "Acosta, Errol"]
[Result "0-1"]
[WhiteElo "1563"]
[BlackElo "1365"]

1. d4 e6 2. e4 d5 3. e5 c5 4. Nf3 Nc6 5. Bg5 Nge7 6. Bd3 c4 7. Be2 Qa5+ 8.
 c3 Bd7 9. Nbd2 h6 10. Bh4 Nf5 11. g4 Nxh4 12. Nxh4 g5 13. Ng2 O-O-O 14. 
Qc1 Be7 15. b3 f5 16. bxc4 dxc4 17. Nxc4 Qc7 18. Nge3 f4 19. Nd6+ Bxd6 20.
 exd6 Qxd6 21. Nc4 Qd5 22. O-O f3 23. Bd3 e5 24. Ne3 Qf7 25. d5 Ne7 26. c4
h5 27. d6 Nc6 28. Rb1 Bxg4 29. Nxg4 hxg4 30. Qxg5 Nd4 31. Qxe5 Nc6 32. 
Qf5+ Qxf5 33. Bxf5+ Kb8 34. Rfd1 Rh4 35. d7 Rdh8 36. Kf1 Rxh2 37. Ke1 g3 
38. fxg3 Re2+ 0-1

[Event "NA Class B Server Championship, S40119"]
[Site "CCLA"]
[Date "2014.04.30"]
[Round "?"]
[White "McLaughlin, Ed"]
[Black "Smail, John"]
[Result "0-1"]
[WhiteElo "1561"]
[BlackElo "1836"]

1. d4 e6 2. e4 d5 3. e5 c5 4. c3 Nc6 5. f4 Qb6 6. Nf3 Bd7 7. Qd3 Nh6 8. 
Qb5 Nxd4 9. Qxb6 Nxf3+ 10. gxf3 axb6 11. Be3 Be7 12. Na3 Bc6 13. Bb5 Kd7 
14. Bf2 Bxb5 15. Nxb5 Kc6 16. Na3 Ra4 17. Bg3 Rha8 18. h3 Nf5 19. Bh2 Bh4+
20. Kd2 b5 21. Rhb1 d4 22. Rc1 dxc3+ 0-1

[Event "Summer Server Series, S40061"]
[Site "CCLA"]
[Date "2014.07.28"]
[Round "?"]
[White "Anderson, Clarence"]
[Black "Smail, John"]
[Result "0-1"]
[WhiteElo "1798"]
[BlackElo "1836"]

1. e4 e6 2. d4 d5 3. e5 c5 4. c3 Nc6 5. Nf3 Bd7 6. Bd3 Qc7 7. a3 f6 8. Bf4
O-O-O 9. b4 c4 10. Bc2 f5 11. Ng5 Nh6 12. Nd2 Ne7 13. Ndf3 Ng6 14. Bd2 Be7
15. g4 Rdf8 16. gxf5 Nxf5 17. Qe2 h6 18. Nh3 Ngh4 19. Nxh4 Nxh4 20. f4 g5 
21. O-O-O gxf4 22. Bxf4 a5 23. Rhg1 Nf5 24. Bd2 axb4 25. axb4 Nxd4 26. 
cxd4 c3 27. Be3 Bxb4 28. Bb3 Qa5 29. Qa2 Qxa2 30. Bxa2 Ba4 31. Rdf1 b5 32.
 Nf4 Ba3+ 33. Kb1 b4 34. Nxe6 Rxf1+ 35. Rxf1 b3 36. Bxb3 Bxb3 37. Bc1 c2+ 
38. Ka1 Bc4 39. Rg1 Bxc1 40. Rxc1 Bd3 41. Kb2 Bf5 42. Ra1 Kb8 43. Nc5 Rc8 
44. Na6+ Kb7 45. Nb4 Rc4 46. Nxd5 Rxd4 47. Nc3 Rb4+ 48. Kc1 h5 49. e6 Rb6 
50. e7 Re6 51. Kd2 Rxe7 52. Ra5 Re1 53. Na2 Rd1+ 54. Ke3 Be6 55. Rc5 Bxa2 
56. Rxc2 Be6 57. Kf2 Bg4 58. Kg2 Rd3 59. Kf2 Kb6 0-1

[Event "Regular Quad, S40449"]
[Site "CCLA"]
[Date "2014.12.19"]
[Round "?"]
[White "Smiley, William R."]
[Black "Klimushyn, Charles"]
[Result "1/2-1/2"]
[WhiteElo "1530"]
[BlackElo "1648"]

1. e4 e6 2. d4 d5 3. e5 c5 4. c3 Nc6 5. Nf3 Bd7 6. Be3 Nge7 7. dxc5 Nf5 8.
 b4 Nxe3 9. fxe3 Qc7 10. Be2 Nxe5 11. Nxe5 Qxe5 12. Qd4 Qf5 13. Nd2 Be7 
14. Nf3 O-O 15. O-O Bf6 16. Qd2 a6 17. a4 h5 18. Bd3 Qg4 19. Be2 1/2-1/2

[Event "Open Server Series, S40089"]
[Site "CCLA"]
[Date "2014.03.24"]
[Round "?"]
[White "Catania, Duane"]
[Black "Smail, John"]
[Result "0-1"]
[WhiteElo "1774"]
[BlackElo "1836"]

1. e4 e6 2. d4 d5 3. e5 c5 4. c3 Nc6 5. Nf3 Bd7 6. a3 f6 7. exf6 Nxf6 8. 
Be2 c4 9. O-O Bd6 10. Re1 Qc7 11. Nbd2 O-O-O 12. Nf1 h6 13. b3 Na5 14. 
bxc4 dxc4 15. Rb1 Nd5 16. Qc2 b5 17. Ng3 Rhf8 18. Bf1 Nb3 19. Ne4 Be7 20. 
Ne5 Be8 21. Rxb3 cxb3 22. Qxb3 Qa5 23. Re2 Nc7 24. g3 Qa4 25. Qb2 Nd5 26. 
c4 Nb6 27. cxb5 Rxd4 28. Rc2+ Kd8 29. Qc3 Bd7 30. Qc7+ Ke8 31. Qb8+ Bd8 
32. Nc6 Bxc6 33. Rxc6 Rxe4 34. Rd6 Ke7 35. Bf4 Rexf4 36. gxf4 Qxf4 0-1

[Event "Herbert W. Gustafson Memorial Open, S47099"]
[Site "CCLA"]
[Date "2014.10.27"]
[Round "?"]
[White "Catania, Duane"]
[Black "Avery, Bryce"]
[Result "1-0"]
[WhiteElo "1774"]
[BlackElo "1663"]

1. e4 e6 2. d4 d5 3. e5 c5 4. c3 Nc6 5. Nf3 Bd7 6. Be2 f6 7. O-O Qc7 8. 
Bf4 cxd4 9. cxd4 fxe5 10. Nxe5 Nf6 11. Bh5+ g6 12. Nxg6 Bd6 13. Bxd6 Qxd6 
14. Nxh8+ Ke7 15. Nf7 Qb4 16. Ne5 Qxb2 17. Nxc6+ Bxc6 18. Nd2 Nxh5 19. 
Qxh5 Qxd2 20. Qxh7+ Kd6 21. Qg7 a5 22. Qe5+ Ke7 23. Rae1 Qh6 24. Re3 1-0

[Event "NA Class B Server Championship, S40119"]
[Site "CCLA"]
[Date "2014.04.30"]
[Round "?"]
[White "Catania, Duane"]
[Black "Smail, John"]
[Result "0-1"]
[WhiteElo "1774"]
[BlackElo "1836"]

1. e4 e6 2. d4 d5 3. e5 c5 4. c3 Nc6 5. Nf3 Bd7 6. Be2 f6 7. O-O Qc7 8. 
exf6 Nxf6 9. Re1 Bd6 10. dxc5 Bxc5 11. Bd3 Ng4 12. Re2 O-O 13. h3 Rxf3 14.
 hxg4 Qg3 15. Be3 Bxe3 16. fxe3 Rxe3 17. Rxe3 Qxe3+ 18. Kh1 Rf8 19. Qd2 
Qg3 20. Kg1 Ne5 0-1

[Event "Winter Server Series, S40031"]
[Site "CCLA"]
[Date "2014.01.27"]
[Round "?"]
[White "Hadley, Douglas R."]
[Black "Ramirez, Salvador"]
[Result "1-0"]
[WhiteElo "1576"]
[BlackElo "1589"]

1. e4 e6 2. d4 d5 3. e5 c5 4. c3 Nc6 5. Nf3 Bd7 6. Be2 Qb6 7. O-O cxd4 8. 
cxd4 Rc8 9. Nc3 a6 10. a3 Nge7 11. Na4 Qa7 12. Nc5 Nf5 13. Nxd7 Kxd7 14. 
Be3 Be7 15. b4 b5 16. Qd2 h6 17. a4 Nxb4 18. Rfc1 Rxc1+ 19. Qxc1 Rc8 20. 
Qd1 Nxe3 21. fxe3 Nc2 22. axb5 Nxa1 23. Qxa1 a5 24. Qa4 Qb6 25. Ne1 Rc1 
26. Kf2 Bb4 27. Nd3 Rc4 28. Nxb4 Rxb4 29. Qa3 Qc7 30. Bd3 1-0

[Event "Winter Server Series, S40021"]
[Site "CCLA"]
[Date "2014.01.27"]
[Round "?"]
[White "Anderson, Clarence"]
[Black "McLaughlin, Ed"]
[Result "1-0"]
[WhiteElo "1798"]
[BlackElo "1561"]

1. e4 e6 2. d4 d5 3. e5 c5 4. c3 Nc6 5. Nf3 Qb6 6. Bd3 Bd7 7. O-O cxd4 8. 
cxd4 Nxd4 9. Nbd2 Bc5 10. b4 Qxb4 11. Nxd4 Qxd4 12. Nb3 Qb4 13. Nxc5 Qxc5 
14. Qg4 g6 15. Bd2 Qe7 16. Bb4 Qd8 17. Bd6 Nh6 18. Qf4 Nf5 19. Bxf5 gxf5 
20. Qh6 Rg8 21. h4 Qa5 22. Rfc1 Bc6 23. Qxh7 O-O-O 24. Qxf7 Rde8 25. Rab1 
Qa6 26. Qc7# 1-0

[Event "Continuous Server Series, S40079"]
[Site "CCLA"]
[Date "2014.03.17"]
[Round "?"]
[White "Baker, Scott"]
[Black "Catania, Duane"]
[Result "0-1"]
[WhiteElo "1471"]
[BlackElo "1774"]

1. e4 e6 2. d4 d5 3. e5 c5 4. c3 Nc6 5. Nf3 Qb6 6. Bd3 Bd7 7. O-O cxd4 8. 
cxd4 Nxd4 9. Nxd4 Qxd4 10. Nc3 Qb6 11. Qg4 a6 12. a3 Ne7 13. Be3 Qc7 14. 
Rfe1 Bc6 15. Rac1 Rd8 16. Na4 Ng6 17. Bxg6 hxg6 18. Bb6 Qb8 19. Bxd8 Qxd8 
20. Nc5 Qb6 21. b4 Be7 22. Nxe6 fxe6 23. Qxe6 Rf8 24. Qxg6+ Kd8 25. Qg3 g5
26. e6 Qc7 27. Qd3 Rh8 28. h3 g4 29. Qg6 gxh3 30. Qg7 Rf8 31. Qe5 Qxe5 32.
 Rxe5 hxg2 33. a4 Bxb4 34. Rh5 Ke7 0-1

[Event "Premier Quad, S40259"]
[Site "CCLA"]
[Date "2014.08.18"]
[Round "?"]
[White "Catania, Duane"]
[Black "Stevens, Daniel L."]
[Result "0-1"]
[WhiteElo "1774"]
[BlackElo "1771"]

1. e4 e6 2. d4 d5 3. e5 c5 4. c3 Nc6 5. Nf3 Qb6 6. Be2 Nh6 7. O-O Be7 8. 
dxc5 Bxc5 9. b4 Be7 10. Bxh6 gxh6 11. Qd2 Bf8 12. Re1 Bd7 13. a4 Bg7 14. 
Qf4 O-O 15. Bd3 f6 16. exf6 Rxf6 17. Qd6 Nxb4 18. Qxb4 Qxb4 19. cxb4 Rxf3 
20. Ra3 Rf4 21. b5 Bd4 22. Ra2 b6 23. g3 Rf6 24. Kg2 e5 25. f3 Raf8 26. 
Be2 Bc5 27. Rf1 e4 28. fxe4 Rf2+ 29. Rxf2 Rxf2+ 30. Kh1 Bh3 0-1

[Event "Premier Quad, S40259"]
[Site "CCLA"]
[Date "2014.08.18"]
[Round "?"]
[White "Shannon, Paul D."]
[Black "Catania, Duane"]
[Result "1-0"]
[WhiteElo "1832"]
[BlackElo "1774"]

1. d4 e6 2. e4 d5 3. e5 c5 4. c3 Nc6 5. Nf3 Qb6 6. a3 c4 7. Nbd2 Bd7 8. g3
Na5 9. Bh3 Nb3 10. Nxb3 Ba4 11. Be3 Bxb3 12. Qc1 h6 13. O-O Ne7 14. Nd2 
Ba4 15. f4 g6 16. Rf2 Nf5 17. Nf1 Be7 18. Re2 O-O-O 19. Bf2 g5 20. g4 Nh4 
21. Bxh4 gxh4 22. Kh1 Rdg8 23. Ne3 Kb8 24. Qe1 Ka8 25. Qf2 Rg7 26. Rg1 
Rhg8 27. Ng2 Qd8 28. f5 exf5 29. gxf5 Bg5 30. f6 Rh7 31. Nxh4 Bd7 32. Bxd7
Qxd7 33. Qf5 Qxf5 34. Nxf5 Rd8 35. h4 1-0

[Event "Herbert W. Gustafson Memorial, S47139"]
[Site "CCLA"]
[Date "2014.10.27"]
[Round "?"]
[White "Lasley, Matthew"]
[Black "Nolan, Robert"]
[Result "0-1"]
[WhiteElo "1514"]
[BlackElo "1511"]

1. d4 e6 2. e4 d5 3. Nd2 Nf6 4. e5 Nfd7 5. f4 c5 6. c3 Nc6 7. Ngf3 a5 8. 
Bd3 Qb6 9. Qb3 Qxb3 10. axb3 cxd4 11. cxd4 Nb4 12. Bb5 Nc2+ 13. Ke2 Nxa1 
14. Kd3 b6 15. b4 Bxb4 16. b3 Ba6 17. Bxa6 Rxa6 18. Bb2 Nxb3 19. Nxb3 Ke7 
20. Rc1 Raa8 21. Rc7 Rhc8 0-1

[Event "Summer Server Series, S40081"]
[Site "CCLA"]
[Date "2014.07.28"]
[Round "?"]
[White "Lasley, Matthew"]
[Black "Metz, Edward"]
[Result "1-0"]
[WhiteElo "1514"]
[BlackElo "1398"]

1. e4 e6 2. d4 d5 3. Nd2 Nf6 4. e5 Nfd7 5. f4 c5 6. c3 Nc6 7. Ngf3 f6 8. 
Nb3 Be7 9. Be3 Qb6 10. exf6 gxf6 11. dxc5 Bxc5 12. Bxc5 Nxc5 13. Nxc5 Qxc5
14. Qd2 Bd7 15. O-O-O O-O-O 16. Kb1 Kb8 17. Nd4 Nxd4 18. cxd4 Qc7 19. Rc1 
Qb6 20. Be2 Rdg8 21. g3 e5 22. dxe5 Bf5+ 23. Bd3 Be4 24. Bxe4 dxe4 25. 
Rhe1 f5 26. Qd7 Rf8 27. Re2 Qa6 28. Rd2 Qb6 29. Rd6 Rd8 30. Qxf5 Rxd6 31. 
exd6 Qxd6 32. Qxe4 a6 33. Qe5 Qxe5 34. fxe5 Re8 35. Re1 Kc7 36. Kc2 Kc6 
37. Kc3 Kd5 38. e6 Rxe6 39. Rxe6 Kxe6 40. Kd4 h5 41. h3 b5 42. Ke4 a5 43. 
Kf4 Kf6 44. Ke4 b4 45. Kf4 Kg6 46. Ke5 Kg5 47. h4+ Kg4 48. Kf6 a4 49. Kg6 
b3 50. axb3 axb3 51. Kh6 1-0

[Event "NA Class B Server Championship, S40119"]
[Site "CCLA"]
[Date "2014.04.30"]
[Round "?"]
[White "Zarges, Ron V."]
[Black "Smail, John"]
[Result "0-1"]
[WhiteElo "1651"]
[BlackElo "1836"]

1. e4 e6 2. d4 d5 3. Nd2 Nf6 4. e5 Nfd7 5. f4 c5 6. c3 Nc6 7. Ndf3 Qb6 8. 
a3 Be7 9. b4 cxd4 10. cxd4 a6 11. Bb2 Qc7 12. Rc1 b5 13. Qc2 Bb7 14. Bd3 
g6 15. Nh3 Nb6 16. Qf2 Nc4 17. O-O a5 18. Bxc4 dxc4 19. d5 exd5 20. e6 f6 
21. Nhg5 axb4 22. Nf7 bxa3 23. Nxh8 axb2 24. Qxb2 Nb4 25. Ne1 Ra2 26. Qc3 
d4 27. Qh3 d3 28. Qxh7 Bc5+ 0-1

[Event "Herbert W. Gustafson Memorial Open, S47089"]
[Site "CCLA"]
[Date "2014.10.27"]
[Round "?"]
[White "Richardson, Ryan M."]
[Black "Siegfried, Will"]
[Result "1-0"]
[WhiteElo "1689"]
[BlackElo "1714"]

1. e4 e6 2. d4 d5 3. Nd2 Be7 4. Ngf3 Nf6 5. e5 Nfd7 6. Bd3 c5 7. c3 Nc6 8.
 b3 f6 9. exf6 Nxf6 10. O-O O-O 11. Re1 cxd4 12. cxd4 h6 13. Bb2 Bd6 14. 
Ne5 Bb4 15. Rc1 Bxd2 16. Qxd2 Nxe5 17. dxe5 Nh7 18. f4 Re8 19. Re3 Nf8 20.
 Rg3 Bd7 21. f5 Qh4 22. f6 g5 23. Rc7 b6 24. Ba3 Qd4+ 25. Qf2 Qxf2+ 26. 
Kxf2 Red8 27. Be7 Rdc8 28. Rxc8 Rxc8 29. h4 Nh7 30. Bxh7+ Kxh7 31. f7 Kg7 
32. Rf3 1-0

[Event "NA Class B Server Championship, S40119"]
[Site "CCLA"]
[Date "2014.04.30"]
[Round "?"]
[White "Zarges, Ron V."]
[Black "Catania, Duane"]
[Result "0-1"]
[WhiteElo "1651"]
[BlackElo "1774"]

1. e4 e6 2. d4 d5 3. Nd2 Nf6 4. e5 Nfd7 5. Bd3 c5 6. c3 Nc6 7. Ne2 Qc7 8. 
O-O Be7 9. Nf3 O-O 10. Re1 f6 11. Nf4 Ndxe5 12. dxe5 fxe5 13. Nh5 e4 14. 
Bxe4 dxe4 15. Rxe4 e5 16. Qd5+ Kh8 17. Ng5 Bxg5 18. Bxg5 Bf5 19. Rh4 b6 
20. f4 Rae8 21. g4 Bg6 22. f5 Bxh5 23. Rxh5 e4 24. Re1 Ne5 25. Rxe4 Nf3+ 
26. Kg2 Nxg5 27. Rxe8 Rxe8 28. Rxg5 Qf4 0-1

[Event "Herbert W. Gustafson Memorial Open, S47039"]
[Site "CCLA"]
[Date "2014.10.27"]
[Round "?"]
[White "Galvin, John H."]
[Black "Quanzaah, Emmanuel"]
[Result "1/2-1/2"]
[WhiteElo "2191"]
[BlackElo "2160"]

1. e4 e6 2. d4 d5 3. Nd2 Nf6 4. e5 Nfd7 5. c3 c5 6. Bd3 Nc6 7. Ne2 cxd4 8.
 cxd4 f6 9. exf6 Nxf6 10. Nf3 Bd6 11. O-O Qc7 12. Nc3 a6 13. Be3 O-O 14. 
Rc1 Bd7 15. Na4 Be8 16. Ng5 Qe7 17. Nc5 Bxc5 18. Rxc5 h6 19. Nh3 e5 20. 
dxe5 Nxe5 21. Re1 Nxd3 22. Qxd3 Ng4 23. Rxd5 Qf7 24. Bc5 Bc6 25. Rd6 Qxa2 
26. Qc3 Rfe8 27. Red1 Qf7 28. Bd4 Rad8 29. Rxd8 Rxd8 30. f3 Ne5 31. Nf2 
Ng6 32. Be3 Re8 33. Rd4 1/2-1/2

[Event "Herbert W. Gustafson Memorial Open, S47039"]
[Site "CCLA"]
[Date "2014.10.27"]
[Round "?"]
[White "Quirk, Michael"]
[Black "Quanzaah, Emmanuel"]
[Result "1/2-1/2"]
[WhiteElo "2205"]
[BlackElo "2160"]

1. d4 e6 2. e4 d5 3. Nd2 Nf6 4. e5 Nfd7 5. Bd3 c5 6. c3 Nc6 7. Ne2 cxd4 8.
 cxd4 f6 9. exf6 Nxf6 10. Nf3 Bd6 11. O-O Qc7 12. Bg5 O-O 13. Rc1 Bd7 14. 
Re1 Rac8 15. Ng3 Qb6 16. Ne5 Nxe5 17. dxe5 Rxc1 18. Bxc1 Ng4 19. exd6 Nxf2
1/2-1/2

[Event "Herbert W. Gustafson Memorial Open, S47059"]
[Site "CCLA"]
[Date "2014.10.27"]
[Round "?"]
[White "Beckett, Phillip J."]
[Black "Carter, Maurice H."]
[Result "1/2-1/2"]
[WhiteElo "2036"]
[BlackElo "2041"]

1. e4 e6 2. d4 d5 3. Nd2 Nf6 4. e5 Nfd7 5. Bd3 c5 6. c3 Nc6 7. Ne2 cxd4 8.
 cxd4 f6 9. exf6 Nxf6 10. Nf3 Bb4+ 11. Bd2 O-O 12. O-O Bd6 13. Bf4 Bxf4 
14. Nxf4 Ng4 15. Qd2 Qf6 16. Nh5 Qh6 17. Qxh6 Nxh6 18. Rac1 g6 19. Ng3 a6 
20. Ne2 Nf7 21. Nc3 Bd7 22. Na4 Nb4 23. Nc5 Nxd3 24. Nxd3 Bb5 25. Rfd1 
Bxd3 26. Rxd3 Nd6 27. Rdc3 Nb5 28. R3c2 Rf4 29. Rd1 Re8 30. Kf1 Na7 31. 
Ne5 Nb5 1/2-1/2

[Event "Premier Quad, S40479"]
[Site "CCLA"]
[Date "2014.12.31"]
[Round "?"]
[White "Richardson, Ryan M."]
[Black "Stevens, Daniel L."]
[Result "1-0"]
[WhiteElo "1689"]
[BlackElo "1771"]

1. e4 e6 2. d4 d5 3. Nd2 c5 4. c3 cxd4 5. cxd4 Bd7 6. Ngf3 Nc6 7. Bd3 Be7 
8. O-O Nh6 9. exd5 exd5 10. Nb3 Qc7 11. Re1 O-O-O 12. Bxh6 gxh6 13. Bb5 
Kb8 14. Rc1 Bd6 15. Bxc6 Bxc6 16. Ne5 Rhg8 17. Qd2 f6 18. Nxc6+ bxc6 19. 
g3 Ka8 20. Re6 Bf4 21. Qc3 Bxc1 22. Qxc1 Rde8 23. Rxf6 Rg6 24. Rf5 Rge6 
25. Qc5 Qb6 26. Qc3 Qa6 27. Kg2 Qxa2 28. Rf7 Rb8 29. Na5 Qb1 30. Nxc6 Qe4+
31. Kh3 Rb7 32. Ne5 Rb8 33. f3 1-0

[Event "2014 Server Championship, S40029"]
[Site "CCLA"]
[Date "2014.01.27"]
[Round "?"]
[White "Lewis, James W."]
[Black "Horwitz, Daniel M."]
[Result "0-1"]
[WhiteElo "2098"]
[BlackElo "2335"]

1. e4 e6 2. d4 d5 3. Nd2 c5 4. exd5 Qxd5 5. dxc5 Bxc5 6. Ngf3 Nf6 7. Bc4 
Qc6 8. Qe2 O-O 9. O-O Be7 10. Ne5 Qc7 11. Ndf3 Nc6 12. Rd1 Nxe5 13. Nxe5 
Nd5 14. Bd3 Bd6 15. Nf3 b6 16. c4 Nf6 17. Bg5 Be7 18. Bxf6 Bxf6 19. Qe4 g6
20. Qxa8 Bb7 21. Qxa7 Ra8 22. Qxa8+ Bxa8 23. Be2 Bxb2 24. Rab1 Ba3 25. Rd2
Kg7 26. Rbd1 Qf4 27. Nd4 Bb4 28. Rd3 e5 29. Nc2 Bc5 30. Ne3 h5 31. Rb3 Bc6
32. Rdb1 Ba4 33. R3b2 h4 34. Bd1 Bc6 35. Rb3 h3 36. gxh3 Qe4 37. Kf1 Ba4 
38. Bc2 Qf4 39. Re1 Bxb3 40. axb3 f5 41. Kg1 Qg5+ 42. Kh1 e4 43. Bd1 Qh4 
44. Rf1 Bd6 0-1

[Event "2014 Server Championship, S40029"]
[Site "CCLA"]
[Date "2014.01.27"]
[Round "?"]
[White "Cross, Gregory W."]
[Black "Horwitz, Daniel M."]
[Result "0-1"]
[WhiteElo "2172"]
[BlackElo "2335"]

1. e4 e6 2. d4 d5 3. Nd2 c5 4. exd5 Qxd5 5. Ngf3 cxd4 6. Bc4 Qd6 7. O-O 
Nf6 8. Nb3 Nc6 9. Nbxd4 Nxd4 10. Nxd4 Be7 11. b3 O-O 12. Bb2 Qc7 13. Qe2 
b6 14. Rfe1 Bc5 15. Nb5 Qe7 16. Rad1 Bb7 17. Bd4 Rfc8 18. Bxc5 Rxc5 19. 
Rd4 Nd5 20. Qd3 a6 21. Nc3 Nf6 22. a4 Qc7 23. Rd1 g6 24. Rd6 Rg5 25. g3 
Ne8 26. Rd4 Rf5 27. Ne4 Qc6 28. Qe3 b5 29. Bd3 Rd5 30. Rxd5 Qxd5 31. Rb1 
b4 32. Qc5 a5 33. Qxd5 Bxd5 34. c4 Bxe4 35. Bxe4 Rd8 36. Kf1 f5 37. Bc2 
Kf7 38. Ke2 Nc7 39. f4 e5 40. Ke3 Kf6 41. h4 Ne6 42. Re1 h6 43. Rf1 Nd4 
44. fxe5+ Kxe5 45. Bd1 g5 46. Re1 g4 47. Rf1 h5 48. Rf2 f4+ 49. gxf4+ Kf6 
50. Bc2 g3 51. Rg2 Nxc2+ 52. Rxc2 Kf5 53. c5 Kg4 54. c6 Re8+ 55. Kd4 Kxf4 
56. c7 Rc8 57. Kd5 Kf3 58. Kc6 g2 59. Rc1 Kg3 60. Rg1 Kh2 61. Rc1 g1=Q 62.
 Rxg1 Kxg1 63. Kb7 Rh8 64. c8=Q Rxc8 65. Kxc8 Kg2 66. Kb7 Kg3 67. Kb6 Kxh4
68. Kxa5 Kg3 69. Kxb4 h4 70. a5 h3 71. a6 h2 72. a7 h1=Q 0-1

[Event "2014 Server Championship, S40029"]
[Site "CCLA"]
[Date "2014.01.27"]
[Round "?"]
[White "Galvin, John H."]
[Black "Horwitz, Daniel M."]
[Result "1/2-1/2"]
[WhiteElo "2191"]
[BlackElo "2335"]

1. e4 e6 2. d4 d5 3. Nd2 c5 4. Ngf3 cxd4 5. exd5 Qxd5 6. Bc4 Qd6 7. O-O 
Nf6 8. Nb3 Nc6 9. Nbxd4 Nxd4 10. Nxd4 Be7 11. Nf3 O-O 12. Qxd6 Bxd6 13. 
Rd1 Bc7 14. Bg5 Ne4 15. Be7 Re8 16. Bb4 Bb6 17. Be1 a6 18. a4 e5 19. a5 
Bc7 20. Bb4 h6 21. Re1 Nf6 22. Bc3 e4 23. Nd2 Bf4 24. Nf1 Be5 25. Bxe5 
Rxe5 26. Ne3 Bd7 27. b4 Rc8 28. Rad1 Bc6 29. Bb3 Rc7 30. h4 Kf8 31. c4 Rd7
32. Bc2 1/2-1/2

[Event "Winter Server Series, S40011"]
[Site "CCLA"]
[Date "2014.01.27"]
[Round "?"]
[White "Galvin, John H."]
[Black "Quirk, Michael"]
[Result "1/2-1/2"]
[WhiteElo "2191"]
[BlackElo "2205"]

1. e4 e6 2. d4 d5 3. Nd2 c5 4. Ngf3 cxd4 5. exd5 Qxd5 6. Bc4 Qd6 7. O-O 
Nf6 8. Nb3 Nc6 9. Nbxd4 Nxd4 10. Nxd4 a6 11. Re1 Qc7 12. Bd3 Bd6 13. b3 
Bxh2+ 14. Kh1 Bf4 15. Nf3 Bxc1 16. Qxc1 O-O 17. Kg1 b6 18. Ne5 Bb7 19. Qf4
Rfd8 20. c4 Rd6 21. b4 Rad8 22. Rad1 a5 23. a3 axb4 24. axb4 Qe7 25. c5 
Rd5 26. cxb6 Qd6 27. Be2 Qxb6 28. Rxd5 Bxd5 29. b5 Qb7 30. Bf1 h6 31. Rc1 
Qb8 32. Qe3 Bb7 33. Be2 Qd6 34. Nc6 Bxc6 35. bxc6 Rc8 36. Bf3 e5 37. Rd1 
Qe7 38. Qb6 e4 39. Be2 Kh7 40. Rc1 Qd6 41. Ba6 Rc7 42. Qc5 Qf4 43. Be2 Rc8
44. g3 1/2-1/2

[Event "Regular Quad, S40469"]
[Site "CCLA"]
[Date "2014.12.29"]
[Round "?"]
[White "Anderson, Lawrence D."]
[Black "Stevenson, Wayne"]
[Result "0-1"]
[WhiteElo "1365"]
[BlackElo "1540"]

1. e4 e6 2. d4 d5 3. Nd2 c5 4. Ngf3 Nc6 5. exd5 exd5 6. Bb5 cxd4 7. Nxd4 
Nf6 8. Bxc6+ bxc6 9. Nxc6 Qb6 10. Ne5 Ba6 11. Ndf3 Ne4 12. Qd4 Bc5 13. Nd7
Bxd4 14. Nxb6 Bxf2+ 15. Kd1 Bxb6 16. c3 Nf2+ 0-1

[Event "Regular Quad, S40359"]
[Site "CCLA"]
[Date "2014.10.20"]
[Round "?"]
[White "Williams, Rufus H."]
[Black "Mueller, Anthony"]
[Result "1-0"]
[WhiteElo "1222"]
[BlackElo "1367"]

1. e4 e6 2. d4 d5 3. Nc3 c5 4. e5 Nc6 5. Nf3 Qb6 6. Bb5 a6 7. Bxc6+ Qxc6 
8. O-O Ne7 9. Re1 Nf5 10. Bf4 Qb6 11. b3 cxd4 12. Na4 Qd8 13. a3 Be7 14. 
b4 O-O 15. Nc5 Bxc5 16. bxc5 f6 17. Nxd4 Nxd4 18. Qxd4 fxe5 19. Bxe5 Rf7 
20. Re3 Qf8 21. Rf1 Bd7 22. Bd6 Qd8 23. Rg3 Bb5 24. Re1 Qe8 25. Be5 g6 26.
 Qh4 Qf8 27. Rxg6+ 1-0

[Event " Herbert W. Gustafson Memorial, S47169"]
[Site "CCLA"]
[Date "2014.10.27"]
[Round "?"]
[White "Simonson, Jay"]
[Black "Gunning, Edward E."]
[Result "0-1"]
[WhiteElo "1364"]
[BlackElo "1350"]

1. d4 d5 2. Nc3 Nc6 3. e4 e6 4. e5 Bb4 5. Qg4 g6 6. a3 h5 7. Qf3 Nxd4 8. 
Qd3 Bxc3+ 9. Qxc3 Nc6 10. Bb5 Bd7 11. Nf3 f6 12. Bxc6 Bxc6 13. O-O f5 14. 
Bg5 Ne7 15. Qb4 Rh7 16. Rad1 Qd7 17. Nd4 Nc8 18. Nxc6 Qxc6 19. Bf6 b6 20. 
Rd3 a5 21. Rc3 Kd7 22. Qb3 Qb7 23. Rc1 Na7 24. Re3 c5 25. c4 d4 26. Rd1 
Nc6 27. Qb5 Qa6 28. Red3 h4 29. h3 Qxb5 30. cxb5 Ne7 31. Rf3 Nd5 32. a4 
Rh5 33. g3 hxg3 34. Rxg3 Rg8 35. Rc1 Nf4 36. Rc2 d3 37. Rd2 Nxh3+ 38. Kg2 
Nf4+ 39. Kf3 Nd5 40. Rxd3 Kc7 41. Rd2 g5 42. Kg2 g4 43. f3 Rg6 44. fxg4 
fxg4 45. Rf2 Kd7 46. Kf1 Ke8 47. Rgg2 Ne3+ 48. Kg1 Nxg2 49. Kxg2 g3 50. 
Rf3 Rh2+ 51. Kg1 Rxb2 52. Bh4 g2 0-1

[Event "2014 Server Championship, S40029"]
[Site "CCLA"]
[Date "2014.01.27"]
[Round "?"]
[White "Edwards, K. E. D. G."]
[Black "Motta, Paul"]
[Result "1-0"]
[WhiteElo "2319"]
[BlackElo "2418"]

1. e4 Nc6 2. d4 d5 3. Nc3 e6 4. Nf3 Nf6 5. e5 Ne4 6. Bd3 Bb4 7. Bd2 Nxd2 
8. Qxd2 Bd7 9. a3 Be7 10. h4 O-O 11. O-O-O f6 12. exf6 Rxf6 13. Qe3 Bd6 
14. Ne5 Ne7 15. h5 Rc8 16. h6 g6 17. Kb1 a6 18. f4 c5 19. dxc5 Bxc5 20. 
Qe1 Bd6 21. g3 Qc7 22. Nxd7 Qxd7 23. Bf1 Nf5 24. Bh3 Rf7 25. Bxf5 gxf5 26.
 Ne2 Rf6 27. Nd4 Rg6 28. Nf3 Qa4 29. Rh2 Qe4 30. Qf1 Qa4 31. Rd3 1-0

[Event "2014 Server Championship, S40029"]
[Site "CCLA"]
[Date "2014.01.27"]
[Round "?"]
[White "Horwitz, Daniel M."]
[Black "Motta, Paul"]
[Result "1-0"]
[WhiteElo "2335"]
[BlackElo "2418"]

1. e4 Nc6 2. d4 d5 3. Nc3 e6 4. Nf3 Nf6 5. e5 Ne4 6. Ne2 f6 7. Ng3 fxe5 8.
 dxe5 Be7 9. Bb5 Bd7 10. Be3 O-O 11. Bxc6 Bxc6 12. Nd4 Bb4+ 13. c3 Nxc3 
14. Qb3 Nxa2+ 15. Kf1 Bd7 16. Qxa2 a5 17. Nf3 c5 18. h4 Qc7 19. h5 d4 20. 
Bc1 Rxf3 21. gxf3 Qxe5 22. f4 Qf6 23. f3 Bc6 24. Qb3 Rf8 25. Ne4 Qf5 26. 
Ng3 Qf7 27. Ne4 Qd7 28. Kg2 b5 29. Qd1 d3 30. Bd2 1-0

[Event "2014 Server Championship, S40029"]
[Site "CCLA"]
[Date "2014.01.27"]
[Round "?"]
[White "Anderson, Aaron J."]
[Black "Motta, Paul"]
[Result "1-0"]
[WhiteElo "2308"]
[BlackElo "2418"]

1. d4 Nc6 2. e4 d5 3. Nc3 e6 4. Nf3 Nf6 5. e5 Ne4 6. Bd3 Bb4 7. O-O Nxc3 
8. bxc3 Bxc3 9. Rb1 Nxd4 10. Nxd4 Bxd4 11. Bb5+ c6 12. Qxd4 cxb5 13. Rxb5 
O-O 14. Ba3 Re8 15. Rb3 f5 16. exf6 Qxf6 17. Qd2 b6 18. Rf3 Qh4 19. Bb2 
Re7 20. Rf4 Qh5 21. Re1 Rb8 22. Re5 Qe8 23. Rg5 Rbb7 24. Be5 1-0

[Event "Herbert W. Gustafson Memorial Open, S47039"]
[Site "CCLA"]
[Date "2014.10.27"]
[Round "?"]
[White "Galvin, John H."]
[Black "Owens, Johnny"]
[Result "0-1"]
[WhiteElo "2191"]
[BlackElo "2150"]

1. e4 e6 2. d4 d5 3. Nd2 dxe4 4. Nxe4 Nd7 5. Nf3 Ngf6 6. Bd3 Be7 7. Nxf6+ 
Nxf6 8. O-O O-O 9. Qe2 b6 10. Bf4 Bb7 11. Rad1 Qc8 12. c4 Re8 13. Ne5 c5 
14. dxc5 Bxc5 15. Bg5 Kf8 16. Bc2 Qc7 17. Ba4 Red8 18. Bxf6 gxf6 19. Nd7+ 
Ke7 20. Rd3 Qf4 21. Nxc5 bxc5 22. Rfd1 Qe4 23. Qxe4 Bxe4 24. Rd7+ Rxd7 25.
 Rxd7+ Kf8 26. f3 Bb1 27. Rd1 Bf5 28. Kf2 e5 29. Rd5 Rb8 30. b3 Bb1 31. a3
Bc2 0-1